Statistics for Street Fighter Franchise

Click here to take the quiz!

General Stats

  • This quiz has been taken 10 times
  • The average score is 19 of 95

Answer Stats

TypeYearNameInfo% Correct
Video Game1987Street FighterCapcom / Hudson Soft / NEC / GO! / U.S. Gold / Erbe Software / Kixx
100%
TV Show1995-1997Street FighterUSA Network
100%
Comic Series2003-2005Street FighterUDON
100%
Comic Mini-Series1993Street FighterMalibu Comics
100%
Film1994Street FighterUniversal / Columbia
100%
Comic Mini-Series2005-2006Street Fighter IIUDON
100%
Manga Series1993-1994Street Fighter II: RyuFamily Computer Magazine
100%
Film1994Street Fighter II: The Animated MovieToei Company / 20th Century Fox
100%
Video Game1991Street Fighter II: The World WarriorCapcom
100%
Video Game1995Street Fighter: The MovieCapcom / Acclaim Entertainment
100%
Video Game1995Street Fighter: The MovieCapcom
100%
Video Game1997Street Fighter III: New GenerationCapcom / Virgin Interactive
60%
Video Game2008Street Fighter IVCapcom
60%
Comic One-Shot2009Street Fighter IVUDON
60%
Comic Mini-Series2009Street Fighter IVUDON
60%
Film2009Street Fighter IV: The Ties That BindCapcom
60%
Comic One-Shot2016Street Fighter VUDON
60%
Video Game2016Street Fighter VCapcom
60%
Comic Series2008-2010Street Fighter II: TurboUDON
40%
Video Game1992Street Fighter II Turbo: Hyper FightingCapcom
40%
Video Game1993Super Street Fighter II: The New ChallengersCapcom
40%
Video Game1994Super Street Fighter II TurboCapcom
40%
Video Game2003Hyper Street Fighter IICapcom
20%
Video Game1997Marvel Super Heroes vs. Street FighterCapcom / Virgin Interactive
20%
Video Game1996Street Fighter Alpha 2Capcom / Virgin Interactive / Nintendo
20%
Video Game1998Street Fighter Alpha 3Capcom / Virgin Interactive
20%
Video Game Compilation2006Street Fighter Alpha AnthologyCapcom
20%
Film2000Street Fighter Alpha: The AnimationGroup TAC
20%
Video Game1995Street Fighter Alpha: Warriors' DreamCapcom / Virgin Interactive
20%
Video Game1992Street Fighter II: Champion EditionCapcom
20%
Video Game1999Street Fighter III 3rd Strike: Fight for the FutureCapcom / Virgin Interactive
20%
Comic Mini-Series2009Street Fighter Legends: Chun-LiUDON
20%
Comic One-Shot2013Street Fighter Origins: AkumaUDON
20%
Film2009Street Fighter: The Legend of Chun-Li20th Century Fox
20%
Comic One-Shot2015Super Street Fighter Volume Two: Hyper FightingUDON
20%
Film1993Future CopsGolden Harvest
0%
Video Game2010Street Fighter 2010: The Final FightCapcom
0%
Art Book2016Street Fighter 2016 Swimsuit SpecialUDON
0%
Art Book2017Street Fighter 2017 Swimsuit SpecialUDON
0%
Art Book2018Street Fighter 2018 Summer Sports SpecialUDON
0%
Art Book2019Street Fighter 2019 Pin-Up SpecialUDON
0%
Video Game Compilation2012Street Fighter 25th Anniversary - Collector's SetCapcom
0%
Video Game Compilation2018Street Fighter 30th Anniversary CollectionCapcom
0%
Video Game Compilation2008Street Fighter 4 Collector's EditionCapcom
0%
Comic One-Shot2019Street Fighter: Akuma vs. HellUDON
0%
Video Game2006Street Fighter Alpha 3 MaxCapcom
0%
Film2005Street Fighter Alpha: GenerationsManga Entertainment
0%
Video Game Compilation2004Street Fighter Anniversary CollectionCapcom
0%
Web Series2014Street Fighter: Assassin's FistYouTube / Machinima.com
0%
Video Game Compilation1997Street Fighter CollectionCapcom / Virgin Interactive
0%
Comic One-Shot2003Street Fighter: Deep ScarsUDON
0%
Video Game1996Street Fighter EXCapcom / Virgin Interactive
0%
Video Game1998Street Fighter EX2Capcom / Virgin Interactive
0%
Video Game1999Street Fighter EX2 PlusCapcom / Virgin Interactive
0%
Video Game2000Street Fighter EX3Capcom
0%
Comic One-Shot2006Street Fighter II Chun-Li Mini ComicUDON
0%
Video Game1997Street Fighter III 2nd Impact: Giant AttackCapcom / Virgin Interactive
0%
Video Game1995Street Fighter II MOVIECapcom
0%
Video Game1993Street Fighter II: Rainbow EditionHung Hsi Enterprise Taiwan
0%
Manga Series1995-1996Street Fighter II VComic Bom Bom
0%
Anime Series1995Street Fighter II VYomiuri TV / ABS-CBN / GMA Network / TV5 Philippines
0%
Short Fan Film2010Street Fighter: LegacyStreetlight Films Inc.
0%
Comic Mini-Series2016Street Fighter Legends: CammyUDON
0%
Comic Mini-Series2010Street Fighter Legends: IbukiUDON
0%
Comic Mini-Series2006Street Fighter Legends: SakuraUDON
0%
Comic One-Shot2019Street Fighter: MenatUDON
0%
Comic One-Shot2019Street Fighter: Necro & EffieUDON
0%
Comic One-Shot2008Street Fighter RemixUDON
0%
Comic One-Shot2013Street Fighter Remix Digital EditionUDON
0%
Web Mini-Series2016Street Fighter: ResurrectionMachinima.com / go90
0%
Film2009Street Fighter: Round One - Fight!Studio 414
0%
Manga Series1996-1997Street Fighter: Sakura Ganbaru!Shinseisha / Shueisha
0%
Comic One-Shot2019Street Fighter: Sakura vs. KarinUDON
0%
Comic One-Shot2017Street Fighter Shadaloo SpecialUDON
0%
Comic One-Shot2015Street Fighter Super Combo Special!UDON
0%
Role-Playing Game1994Street Fighter: The Storytelling GamePhil Brucato / Bill Bridges
0%
Art Book2008Street Fighter TributeUDON
0%
Comic Series2015-2016Street Fighter UnlimitedUDON
0%
Video Game2018Street Fighter V: Arcade EditionCapcom
0%
Comic Series2017-2018Street Fighter vs. DarkstalkersUDON
0%
Comic One-Shot2015Street Fighter V: The Life and Death(s) of Charlie NashUDON
0%
Comic One-Shot2019Street Fighter: WrestlepaloozaUDON
0%
Video Game2012Street Fighter X Mega ManCapcom
0%
Video Game2012Street Fighter X TekkenCapcom
0%
Video Game1996Super Puzzle Fighter II TurboCapcom / Virgin Interactive
0%
Video Game2008Super Street Fighter II Turbo HD RemixCapcom
0%
Video Game2010Super Street Fighter IVCapcom
0%
Video Game2011Super Street Fighter IV: 3D EditionCapcom / Nintendo
0%
Video Game2010Super Street Fighter IV: Arcade EditionCapcom
0%
Comic One-Shot2013Super Street Fighter Volume One: New GenerationUDON
0%
Video Game2008Tatsunoko vs. Capcom: Ultimate All-StarsCapcom
0%
Comic One-Shot2018Ultra Street Fighter IIUDON
0%
Video Game2017Ultra Street Fighter II: The Final ChallengersCapcom
0%
Video Game2014Ultra Street Fighter IVCapcom
0%
Video Game1996X-Men vs. Street FighterCapcom / Virgin Interactive
0%

Score Distribution

Percentile by Number Answered

Percent of People with Each Score

Your Score History

You have not taken this quiz